| 000 | 00457nam a2200145Ia 4500 | ||
|---|---|---|---|
| 999 |
_c1137 _d1137 |
||
| 020 | _a0-415-02807-8 | ||
| 082 | _aRR 423 CON; | ||
| 245 | 0 | _aConcise dictionary of slang and unconventional English: from a dictionary of slang and unconventional English | |
| 260 |
_aLondon _bRoutledge _c1989 |
||
| 300 | _axxvi, 534p. | ||
| 650 | _aEnglish language - Slang - Dictionaries | ||
| 650 | _aEnglish language - Dictionaries | ||
| 700 | _aBeale, Paul | ||
| 942 | _cBK | ||